| 000 | 00509nam a22001817a 4500 | ||
|---|---|---|---|
| 005 | 20240920152014.0 | ||
| 008 | 240919b |||||||| |||| 00| 0 eng d | ||
| 020 | _a978-93-90972-05-0 | ||
| 041 | _aeng | ||
| 082 |
_a615.19 _bGAN |
||
| 100 |
_aGANESAN, DR.V AND ARULAPPA, DR. R.XAVIER _98550 |
||
| 245 | _aCOMPUTER AIDED DRUG DESIGN [ B.PHARMA , 8TH SEMESTER] | ||
| 250 | _a1ST ED. 2021 | ||
| 260 |
_aLUCKNOW _bTHAKUR PUBLICATION PVT.LTD |
||
| 300 | _a168;P | ||
| 650 |
_aPHARMACY _xB.PHARMA |
||
| 942 | _cBK | ||
| 999 |
_c8679 _d8677 |
||